Länderumrisse gedreht - Statistiken

Allgemein
  • Dieses Quiz wurde 124 mal gespielt
  • Das Durchschnittsergebnis liegt bei 9 aus 10
Antwortstatistiken
Bildquiz Antwort % Korrekt
Ägypten
94%
Südafrika
93%
Island
92%
Thailand
90%
Papua-Neuguinea
87%
Mali
86%
Irland
83%
Kuba
83%
Argentinien
75%
Kasachstan
74%
Keine übereinstimmenden Quizze gefunden
Verteilung der Resultate
Anzahl Personen mit jedem Resultat
Perzentil nach korrekt beantworteten Fragen
Ihre Resultats-Entwicklung
Sie haben dieses Quiz noch nicht gespielt